000 01198nam a22003017a 4500
005 20240530110906.0
008 220224s2007 ua g 000 0 ara d
017 _a2007/20756
_bمصر. دار الكتب
040 _aEG-CaGPL
_cEG-CaGPL
082 0 4 _221
_a303.4/
_bر ن
100 1 _aرسل، برتراند
245 1 0 _aنحو عالم افضل /
_cتاليف برتراند رسل ؛ ترجمة ومراجعة درينى خشبة، وعبدالكريم احمد
250 _aط.1
260 _aالقاهرة :
_bالمركز القومى للترجمة ،
_c2007.
300 _a192 ص. ؛
_c24 سم.
490 0 _aالالف كتاب ؛
_v68.
650 0 7 _2qrmak
_aالاصلاح الاجتماعى
650 0 7 _2qrmak
_aالتغير الاجتماعى
650 0 7 _2qrmak
_aالمشاكل الاجتماعية
650 0 7 _2qrmak
_aتكافؤ الفرص
650 0 7 _2qrmak
_aالمساواة
650 0 7 _2qrmak
_aالنظم الاجتماعية
651 _2qrmak
700 0 _aدرينى خشبة
_eمترجم ومراجع
700 0 _aعبدالكريم احمد
_eمترجم ومراجع مشارك
942 _2ddc
_cBK
999 _c66210
_d66210